000 00802nam a2200253Ia 4500
003 OSt
005 20220926004909.0
006 a|||||r|||| 00| 0
007 ta
008 220923b |||||||| |||| 00| 0 eng d
020 _a9789352800391
_c995.00
037 _b284, 09/02/2018, CLASSIC BOOKS SERVICES
_cGeneral Book
040 _aRTL
_cRTL
_beng
041 _2eng
_aeng
082 _aU6715, Q8
100 _aSCHMIDT Jeremy J
_9309433
245 0 _aWater
_b Abundance scarcity, and security in the age of humanity.
260 _a New Delhi
_bSage
_c2018
300 _axii, 308p
_ccm.
500 _aBibliography: p 177-195
650 _aCommerce
942 _hU6715, Q8
_cGB
_2CC
999 _c612494
_d612494